[Event "Tczew-ch"]
[Site "Tczew"]
[Date "2008.12.02"]
[Round "6.3"]
[White "Ziemann, Jaroslaw"]
[Black "Krzywkowski, Marcin"]
[Result "0-1"]
[WhiteElo "1978"]
[BlackElo "1984"]
[PlyCount "84"]
[EventDate "2008.10.21"]
[EventType "swiss"]
[EventRounds "9"]
[EventCountry "POL"]
[SourceTitle "EXT 2023"]
[Source "ChessBase"]
[SourceDate "2022.10.05"]
[SourceVersion "1"]
[SourceVersionDate "2022.10.05"]
[SourceQuality "1"]

1. d4 Nf6 2. c4 g6 3. Nc3 Bg7 4. e4 d6 5. f3 0-0 6. Be3 e5 7. d5 a6 8. Qd2 c5 9. Bd3 Bd7 10. g4 Qa5 11. h4 b5 12. h5 bxc4 13. Bxc4 Bb5 14. Nxb5 axb5 15. Qxa5 Rxa5 16. Bd2 b4 17. a4 Nbd7 18. b3 Nb6 19. Bb5 Ne8 20. Rc1 Nc7 21. Bd3 Rb8 22. hxg6 fxg6 23. Bxb4 Ra7 24. Bd2 c4 25. Rxc4 Nxc4 26. Bxc4 Na6 27. Ne2 Nc5 28. Nc1 Bf6 29. Be3 Rc7 30. Bb5 Nxb3 31. Nxb3 Rc3 32. Kd2 Rxb3 33. g5 Bd8 34. f4 Ba5+ 35. Ke2 Rb2+ 36. Kd3 exf4 37. Bxf4 Rb3+ 38. Kc2 Rc3+ 39. Kb2 Rb6 40. Rf1 Rc4 41. Be3 Rb7 42. Kb3 Rc3+ 0-1

[Event "Tczew-ch"]
[Site "Tczew"]
[Date "2007.11.29"]
[Round "9.8"]
[White "Krzywkowski, Marcin"]
[Black "Ziemann, Jaroslaw"]
[Result "1-0"]
[WhiteElo "1874"]
[BlackElo "2023"]
[PlyCount "123"]
[EventDate "2007.10.02"]
[EventType "swiss"]
[EventRounds "9"]
[EventCountry "POL"]
[SourceTitle "EXT 2023"]
[Source "ChessBase"]
[SourceDate "2022.10.05"]
[SourceVersion "1"]
[SourceVersionDate "2022.10.05"]
[SourceQuality "1"]

1. e4 c5 2. Nf3 d6 3. d4 cxd4 4. Nxd4 Nf6 5. Nc3 a6 6. Bg5 e6 7. f4 Qb6 8. Qd2 Qxb2 9. Nb3 Qa3 10. Bxf6 gxf6 11. Bd3 Nc6 12. 0-0 Bd7 13. f5 0-0-0 14. Rab1 Rg8 15. Qf2 Be7 16. Kh1 Rg7 17. Qb6 Qb4 18. Qxb4 Nxb4 19. Na5 Nxd3 20. cxd3 b5 21. Rfc1 Kb8 22. a4 Rc8 23. axb5 axb5 24. Rb3 d5 25. exd5 exd5 26. Ra1 Rg4 27. Nxd5 Ra4 28. Rab1 Bd8 29. Nc4 Raxc4 30. dxc4 Rxc4 31. Nc3 Bc7 32. Nxb5 Kc8 33. Nxc7 Kxc7 34. Rf1 Bxf5 35. Rbf3 Be6 36. Rxf6 h5 37. R6f4 Rc5 38. h3 Kd7 39. Kh2 Rg5 40. R1f3 Ke7 41. Rg3 Rc5 42. Rg7 Kf8 43. Rg3 Ke7 44. Re3 Ra5 45. Rfe4 Kf6 46. Re2 Rg5 47. Rf2+ Ke7 48. Rfe2 Kf6 49. R4e3 Rc5 50. Kg3 Ra5 51. Kh4 Rc5 52. Rf2+ Kg6 53. Rg3+ Kh7 54. Rg5 Rc4+ 55. Kxh5 f5 56. Rgxf5 Kg7 57. Rg5+ Kh8 58. Rf8+ Kh7 59. Rf6 Bf7+ 60. Rxf7+ Kh8 61. Kh6 Rc6+ 62. Rg6 1-0